[Event "Turniej Przyjazni Polsko-Wegierskiej"]
[Site "Katowice"]
[Date "2018.05.05"]
[Round "3.8"]
[White "Kazakov, Mikhail"]
[Black "Zgadzaj, Rafal"]
[Result "1/2-1/2"]
[BlackElo "2076"]
[WhiteElo "2382"]
[LiveChessVersion "1.4.8"]

1. d4 {[%clk 0:15:16]} g6 {[%clk 0:15:16]} 2. e4 {[%clk 0:15:22]} Bg7
{[%clk 0:15:14]} 3. Nf3 {[%clk 0:15:24]} d6 {[%clk 0:14:57]} 4. h3
{[%clk 0:15:23]} Nf6 {[%clk 0:14:54]} 5. Nc3 {[%clk 0:15:31]} c6 {[%clk 0:14:55]}
6. a4 {[%clk 0:15:35]} O-O {[%clk 0:14:50]} 7. Be3 {[%clk 0:14:53]} Qc7
{[%clk 0:14:27]} 8. a5 {[%clk 0:14:41]} Nbd7 {[%clk 0:14:15]} 9. Be2
{[%clk 0:13:58]} Re8 {[%clk 0:14:17]} 10. O-O {[%clk 0:12:54]} e5
{[%clk 0:13:44]} 11. dxe5 {[%clk 0:08:44]} dxe5 {[%clk 0:13:52]} 12. Nd2
{[%clk 0:08:26]} Nf8 {[%clk 0:13:07]} 13. f4 {[%clk 0:06:21]} exf4
{[%clk 0:12:41]} 14. Bxf4 {[%clk 0:06:18]} Qe7 {[%clk 0:12:49]} 15. Bc4
{[%clk 0:03:23]} Be6 {[%clk 0:11:42]} 16. Bd3 {[%clk 0:03:30]} Qc5+
{[%clk 0:08:12]} 17. Kh1 {[%clk 0:03:34]} Nh5 {[%clk 0:08:14]} 18. Bh2
{[%clk 0:03:00]} Bxc3 {[%clk 0:07:12]} 19. bxc3 {[%clk 0:03:06]} Qxc3
{[%clk 0:07:19]} 20. Nf3 {[%clk 0:03:04]} Bc4 {[%clk 0:06:13]} 21. Qb1
{[%clk 0:02:14]} Rad8 {[%clk 0:05:11]} 22. Bxc4 {[%clk 0:01:58]} Qxc4
{[%clk 0:05:18]} 23. Ne5 {[%clk 0:02:07]} Qxe4 {[%clk 0:04:39]} 24. Nxf7
{[%clk 0:01:41]} Rd2 {[%clk 0:03:49]} 25. Rf3 {[%clk 0:01:49]} Re7
{[%clk 0:01:48]} 26. Qf1 {[%clk 0:01:13]} Nd7 {[%clk 0:01:04]} 27. Nd6
{[%clk 0:00:33]} Qe2 {[%clk 0:01:00]} 28. c4 {[%clk 0:00:36]} Qxf1+
{[%clk 0:00:40]} 29. Raxf1 {[%clk 0:00:45]} Ree2 {[%clk 0:00:47]} 30. Rg1
{[%clk 0:00:36]} b6 {[%clk 0:00:21]} 31. axb6 {[%clk 0:00:40]} axb6
{[%clk 0:00:30]} 32. Ra3 {[%clk 0:00:38]} Ne5 {[%clk 0:00:26]} 33. Ra8+
{[%clk 0:00:31]} Kg7 {[%clk 0:00:34]} 34. Ra7+ {[%clk 0:00:35]} Kg8
{[%clk 0:00:29]} 35. Ra8+ {[%clk 0:00:24]} Kg7 36. Ra7+ Kg8 {[%clk 0:00:32]} 37.
Ra8+ {[%clk 0:00:39]} Kg7 {[%clk 0:00:27]} 38. Ra7+ {[%clk 0:00:30]} Kg8
{[%clk 0:00:36]} 39. Ra8+ {[%clk 0:00:16]} Kg7 {[%clk 0:00:45]} 40. Ra7+
{[%clk 0:00:19]} Kg8 {[%clk 0:00:42]} 41. Ra8+ {[%clk 0:00:17]} Kg7
{[%clk 0:00:51]} 42. Ra7+ {[%clk 0:00:23]} Kg8 {[%clk 0:01:00]} 43. Ra8+
{[%clk 0:00:05]} Kg7 {[%clk 0:01:09]} 44. Ra7+ {[%clk 0:00:17]} Kg8 1/2-1/2

[Event "Turniej Przyjazni Polsko-Wegierskiej"]
[Site "Katowice"]
[Date "2018.05.05"]
[Round "3.9"]
[White "Widla, Piotr"]
[Black "Razin, Vadim"]
[Result "0-1"]
[BlackElo "2373"]
[WhiteElo "2076"]
[LiveChessVersion "1.4.8"]

1. e4 {[%clk 0:15:19]} e6 {[%clk 0:15:18]} 2. d4 {[%clk 0:15:28]} d5
{[%clk 0:15:27]} 3. exd5 {[%clk 0:15:36]} exd5 {[%clk 0:15:37]} 4. Nf3
{[%clk 0:15:45]} Nf6 {[%clk 0:15:43]} 5. Bd3 {[%clk 0:15:53]} c5 {[%clk 0:15:44]}
6. c3 {[%clk 0:15:44]} Be7 {[%clk 0:15:39]} 7. O-O {[%clk 0:15:43]} O-O
{[%clk 0:15:47]} 8. h3 {[%clk 0:15:52]} Nc6 {[%clk 0:14:23]} 9. Re1
{[%clk 0:15:54]} Re8 {[%clk 0:13:58]} 10. Bg5 {[%clk 0:15:33]} h6
{[%clk 0:13:36]} 11. Bxf6 {[%clk 0:14:28]} Bxf6 {[%clk 0:13:45]} 12. dxc5
{[%clk 0:14:37]} Rxe1+ {[%clk 0:10:19]} 13. Qxe1 {[%clk 0:14:04]} d4
{[%clk 0:08:21]} 14. Na3 {[%clk 0:10:27]} dxc3 {[%clk 0:03:32]} 15. Rd1
{[%clk 0:10:36]} Qe7 {[%clk 0:03:37]} 16. bxc3 {[%clk 0:10:08]} Qxe1+
{[%clk 0:02:57]} 17. Rxe1 {[%clk 0:10:16]} Be6 {[%clk 0:03:06]} 18. c4
{[%clk 0:09:51]} Be7 {[%clk 0:01:57]} 19. Nb5 {[%clk 0:09:52]} Rd8
{[%clk 0:02:02]} 20. Be4 {[%clk 0:09:39]} Bxc5 {[%clk 0:02:06]} 21. Rc1
{[%clk 0:08:15]} Rd7 {[%clk 0:01:40]} 22. Nc3 {[%clk 0:04:23]} Ba3
{[%clk 0:01:48]} 23. Rb1 {[%clk 0:04:19]} Bxc4 {[%clk 0:01:28]} 24. Bxc6
{[%clk 0:03:38]} bxc6 {[%clk 0:01:37]} 25. Ne5 {[%clk 0:03:47]} Rd4
{[%clk 0:01:46]} 26. Nxc6 {[%clk 0:03:46]} Rd2 {[%clk 0:01:35]} 27. Na5
{[%clk 0:02:00]} Be6 {[%clk 0:01:36]} 28. Nb3 {[%clk 0:02:04]} Rc2
{[%clk 0:00:57]} 29. Nb5 {[%clk 0:02:12]} Rxa2 {[%clk 0:00:54]} 30. N3d4
{[%clk 0:01:07]} Bc5 {[%clk 0:00:44]} 31. Rc1 {[%clk 0:01:06]} Bb6
{[%clk 0:00:50]} 32. Rc2 {[%clk 0:00:22]} Rxc2 {[%clk 0:00:46]} 33. Nxc2
{[%clk 0:00:31]} Bc4 {[%clk 0:00:53]} 34. Nd6 {[%clk 0:00:39]} Bd3
{[%clk 0:00:57]} 35. Ne1 {[%clk 0:00:22]} Ba6 {[%clk 0:00:54]} 36. g4
{[%clk 0:00:28]} Bc5 {[%clk 0:00:54]} 37. Nf5 {[%clk 0:00:36]} Kh7
{[%clk 0:00:37]} 38. Kg2 {[%clk 0:00:45]} g6 {[%clk 0:00:43]} 39. Ng3
{[%clk 0:00:51]} Bc4 {[%clk 0:00:43]} 40. f3 {[%clk 0:00:58]} a5 {[%clk 0:00:46]}
41. Ne4 {[%clk 0:01:07]} Be7 {[%clk 0:00:47]} 42. Nc3 {[%clk 0:01:05]} Bb4
{[%clk 0:00:54]} 0-1

[Event "Turniej Przyjazni Polsko-Wegierskiej"]
[Site "Katowice"]
[Date "2018.05.05"]
[Round "3.10"]
[White "Socko, Monika"]
[Black "Koziol, Kamil"]
[Result "1/2-1/2"]
[BlackElo "2063"]
[WhiteElo "2360"]
[LiveChessVersion "1.4.8"]

1. d4 {[%clk 0:15:19]} d5 {[%clk 0:15:17]} 2. c4 {[%clk 0:15:28]} e6
{[%clk 0:15:25]} 3. Nf3 {[%clk 0:15:35]} Nf6 {[%clk 0:15:34]} 4. g3
{[%clk 0:15:44]} dxc4 {[%clk 0:15:20]} 5. Bg2 {[%clk 0:15:46]} a6
{[%clk 0:15:18]} 6. O-O {[%clk 0:14:32]} Nc6 {[%clk 0:14:53]} 7. a4
{[%clk 0:12:42]} Rb8 {[%clk 0:13:36]} 8. Bf4 {[%clk 0:11:27]} Bd6
{[%clk 0:12:58]} 9. Bg5 {[%clk 0:11:27]} h6 {[%clk 0:12:56]} 10. Bxf6
{[%clk 0:11:27]} Qxf6 {[%clk 0:13:02]} 11. Nc3 {[%clk 0:10:49]} O-O
{[%clk 0:12:35]} 12. e3 {[%clk 0:09:09]} Bd7 {[%clk 0:11:43]} 13. Nd2
{[%clk 0:07:57]} b5 {[%clk 0:11:44]} 14. axb5 {[%clk 0:07:52]} axb5
{[%clk 0:11:52]} 15. f4 {[%clk 0:07:52]} Qe7 {[%clk 0:11:42]} 16. Qe2
{[%clk 0:07:29]} Nb4 {[%clk 0:11:19]} 17. Nde4 {[%clk 0:07:35]} Bc6
{[%clk 0:10:38]} 18. f5 {[%clk 0:06:49]} exf5 {[%clk 0:09:06]} 19. Rxf5
{[%clk 0:06:58]} Bd7 {[%clk 0:08:26]} 20. Rff1 {[%clk 0:06:43]} f5
{[%clk 0:08:30]} 21. Nxd6 {[%clk 0:06:45]} Qxd6 {[%clk 0:08:38]} 22. Qd2
{[%clk 0:06:13]} c5 {[%clk 0:07:46]} 23. Ra7 {[%clk 0:05:43]} Bc6
{[%clk 0:06:09]} 24. Bh3 {[%clk 0:04:21]} Rbd8 {[%clk 0:02:51]} 25. Bxf5
{[%clk 0:02:05]} g6 {[%clk 0:02:39]} 26. Bh3 {[%clk 0:01:38]} Rxf1+
{[%clk 0:02:20]} 27. Bxf1 {[%clk 0:01:47]} cxd4 {[%clk 0:02:28]} 28. Qxd4
{[%clk 0:01:46]} Qxd4 {[%clk 0:02:24]} 29. exd4 {[%clk 0:01:55]} Rxd4
{[%clk 0:02:26]} 30. Ra5 {[%clk 0:01:57]} Nd3 {[%clk 0:01:46]} 31. Ra6
{[%clk 0:01:55]} Ne5 {[%clk 0:01:39]} 32. Rb6 {[%clk 0:01:53]} Rd2
{[%clk 0:01:43]} 33. Be2 {[%clk 0:01:49]} Rxb2 {[%clk 0:01:17]} 34. Bxc4+
{[%clk 0:01:52]} Kg7 {[%clk 0:01:17]} 35. Bd5 {[%clk 0:01:14]} Bxd5
{[%clk 0:01:05]} 36. Nxd5 {[%clk 0:01:23]} Nf3+ {[%clk 0:01:13]} 37. Kf1
{[%clk 0:01:33]} Nxh2+ {[%clk 0:01:21]} 38. Kg1 {[%clk 0:01:36]} Nf3+
{[%clk 0:01:28]} 39. Kf1 {[%clk 0:01:45]} h5 {[%clk 0:01:14]} 40. Nf4
{[%clk 0:01:44]} b4 {[%clk 0:00:50]} 41. Rxg6+ {[%clk 0:01:52]} Kf7
{[%clk 0:00:59]} 42. Rb6 {[%clk 0:02:02]} Nd2+ {[%clk 0:00:53]} 43. Ke1
{[%clk 0:02:03]} Ne4 {[%clk 0:00:53]} 1/2-1/2

[Event "Turniej Przyjazni Polsko-Wegierskiej"]
[Site "Katowice"]
[Date "2018.05.05"]
[Round "3.11"]
[White "Praczukowski, Stanislaw"]
[Black "Janik, Igor"]
[Result "0-1"]
[BlackElo "2356"]
[WhiteElo "2073"]
[LiveChessVersion "1.4.8"]

1. d4 {[%clk 0:15:17]} d6 {[%clk 0:15:18]} 2. Nf3 {[%clk 0:15:01]} g6
{[%clk 0:15:27]} 3. g3 {[%clk 0:15:09]} Bg7 {[%clk 0:15:35]} 4. Bg2
{[%clk 0:15:18]} Nf6 {[%clk 0:15:43]} 5. O-O {[%clk 0:15:26]} O-O
{[%clk 0:15:51]} 6. c4 {[%clk 0:15:34]} c6 {[%clk 0:15:59]} 7. Nc3
{[%clk 0:15:34]} Bf5 {[%clk 0:16:08]} 8. Nh4 {[%clk 0:14:54]} Be6
{[%clk 0:16:16]} 9. d5 {[%clk 0:14:14]} cxd5 {[%clk 0:16:25]} 10. cxd5
{[%clk 0:14:23]} Bd7 {[%clk 0:16:34]} 11. Be3 {[%clk 0:13:47]} Qa5
{[%clk 0:16:18]} 12. Nf3 {[%clk 0:13:14]} Rc8 {[%clk 0:16:18]} 13. Rc1
{[%clk 0:12:49]} Na6 {[%clk 0:16:24]} 14. Nd4 {[%clk 0:11:55]} Ng4
{[%clk 0:16:12]} 15. Bf4 {[%clk 0:11:12]} Ne5 {[%clk 0:16:04]} 16. Nb3
{[%clk 0:09:19]} Qd8 {[%clk 0:16:00]} 17. Qc2 {[%clk 0:07:41]} b5
{[%clk 0:15:23]} 18. Qb1 {[%clk 0:07:38]} Nc4 {[%clk 0:15:24]} 19. Rfd1
{[%clk 0:07:30]} b4 {[%clk 0:15:26]} 20. Ne4 {[%clk 0:06:55]} Nxb2
{[%clk 0:15:31]} 21. Rd2 {[%clk 0:06:06]} Nc4 {[%clk 0:15:38]} 22. Rdc2
{[%clk 0:05:39]} Na3 {[%clk 0:14:49]} 23. Rxc8 {[%clk 0:05:46]} Rxc8
{[%clk 0:14:58]} 24. Qd3 {[%clk 0:05:04]} Rxc1+ {[%clk 0:14:56]} 25. Bxc1
{[%clk 0:05:09]} Bb5 {[%clk 0:14:13]} 26. Qf3 {[%clk 0:05:13]} Nc4
{[%clk 0:14:10]} 27. Bg5 {[%clk 0:04:42]} h6 {[%clk 0:13:30]} 28. Bf4
{[%clk 0:04:34]} Nc7 {[%clk 0:12:58]} 29. Ned2 {[%clk 0:04:09]} Nb6
{[%clk 0:10:58]} 30. e4 {[%clk 0:04:03]} e6 {[%clk 0:09:37]} 31. dxe6
{[%clk 0:02:24]} Nxe6 {[%clk 0:09:46]} 32. Be3 {[%clk 0:02:31]} Qc7
{[%clk 0:09:33]} 33. Bh3 {[%clk 0:02:23]} Nd7 {[%clk 0:09:12]} 34. Bxe6
{[%clk 0:01:37]} fxe6 {[%clk 0:09:21]} 35. Qg4 {[%clk 0:01:45]} Nf8
{[%clk 0:09:22]} 36. Kg2 {[%clk 0:01:15]} a5 {[%clk 0:08:46]} 37. Nd4
{[%clk 0:00:53]} Bd7 {[%clk 0:08:51]} 38. Qe2 {[%clk 0:00:58]} a4
{[%clk 0:07:35]} 39. Qa6 {[%clk 0:00:42]} Qb8 {[%clk 0:06:26]} 40. Nc4
{[%clk 0:00:30]} b3 {[%clk 0:05:46]} 41. axb3 {[%clk 0:00:19]} axb3
{[%clk 0:05:55]} 42. Qa3 {[%clk 0:00:19]} d5 {[%clk 0:05:38]} 43. exd5
{[%clk 0:00:26]} exd5 {[%clk 0:05:47]} 44. Nb2 {[%clk 0:00:17]} Bxd4
{[%clk 0:04:58]} 45. Bxd4 {[%clk 0:00:26]} Ne6 {[%clk 0:05:08]} 46. Ba7
{[%clk 0:00:13]} Qa8 {[%clk 0:04:46]} 47. Nd3 {[%clk 0:00:14]} d4+
{[%clk 0:04:53]} 48. Kg1 {[%clk 0:00:14]} Qd5 {[%clk 0:03:05]} 49. Qb2
{[%clk 0:00:12]} Ng5 {[%clk 0:03:10]} 50. Nf4 {[%clk 0:00:20]} Nh3+
{[%clk 0:03:02]} 51. Kf1 {[%clk 0:00:13]} Bb5+ {[%clk 0:02:55]} 52. Ke1
{[%clk 0:00:12]} Nxf4 {[%clk 0:02:57]} 53. gxf4 {[%clk 0:00:19]} Qe4+
{[%clk 0:03:05]} 54. Kd1 {[%clk 0:00:18]} Qd3+ {[%clk 0:03:03]} 55. Kc1
{[%clk 0:00:16]} Qf1+ {[%clk 0:03:08]} 56. Kd2 {[%clk 0:00:25]} Qe2+
{[%clk 0:03:16]} 57. Kc1 {[%clk 0:00:33]} Qe1# {[%clk 0:03:14]} 0-1

[Event "Turniej Przyjazni Polsko-Wegierskiej"]
[Site "Katowice"]
[Date "2018.05.05"]
[Round "3.12"]
[White "Kubicka, Anna"]
[Black "Piesik, Piotr"]
[Result "0-1"]
[BlackElo "2341"]
[WhiteElo "2058"]
[LiveChessVersion "1.4.8"]

1. e4 {[%clk 0:15:18]} g6 {[%clk 0:15:19]} 2. d4 {[%clk 0:15:26]} Bg7
{[%clk 0:15:28]} 3. f4 {[%clk 0:15:31]} d5 {[%clk 0:15:30]} 4. e5
{[%clk 0:15:24]} Nh6 {[%clk 0:15:37]} 5. Nf3 {[%clk 0:15:19]} Bg4
{[%clk 0:15:45]} 6. Be2 {[%clk 0:15:27]} Nf5 {[%clk 0:15:53]} 7. O-O
{[%clk 0:15:17]} h5 {[%clk 0:16:01]} 8. c3 {[%clk 0:14:46]} c5 {[%clk 0:15:07]}
9. dxc5 {[%clk 0:13:50]} b6 {[%clk 0:15:06]} 10. Qa4+ {[%clk 0:13:18]} Kf8
{[%clk 0:15:11]} 11. c6 {[%clk 0:12:52]} a6 {[%clk 0:14:50]} 12. Rd1
{[%clk 0:11:34]} b5 {[%clk 0:14:44]} 13. Qb3 {[%clk 0:10:36]} Qb6+
{[%clk 0:14:13]} 14. Kf1 {[%clk 0:10:40]} Nxc6 {[%clk 0:12:56]} 15. Rxd5
{[%clk 0:09:57]} h4 {[%clk 0:12:48]} 16. Qa3 {[%clk 0:06:55]} b4 {[%clk 0:09:46]}
17. cxb4 {[%clk 0:07:03]} Nxb4 {[%clk 0:09:54]} 18. Rb5 {[%clk 0:06:44]} Qc6
{[%clk 0:09:21]} 19. Rxb4 {[%clk 0:06:07]} Qxc1+ {[%clk 0:09:28]} 20. Kf2
{[%clk 0:06:13]} Qc5+ {[%clk 0:08:00]} 21. Ke1 {[%clk 0:05:35]} Qc1+
{[%clk 0:08:05]} 22. Kf2 {[%clk 0:05:44]} Rc8 {[%clk 0:07:28]} 23. Nc3
{[%clk 0:01:02]} Qxa1 {[%clk 0:07:36]} 24. Qxa6 {[%clk 0:01:10]} Re8
{[%clk 0:07:12]} 25. Bb5 {[%clk 0:01:05]} Bxf3 {[%clk 0:06:13]} 26. Bxe8
{[%clk 0:01:13]} Qh1 {[%clk 0:05:51]} 27. Kxf3 {[%clk 0:01:10]} h3
{[%clk 0:05:55]} 28. Ke2 {[%clk 0:00:32]} hxg2 {[%clk 0:05:56]} 29. Bc6
{[%clk 0:00:20]} Bxe5 {[%clk 0:04:45]} 30. Qa8+ {[%clk 0:00:24]} Kg7
{[%clk 0:04:54]} 31. Bxg2 {[%clk 0:00:32]} Qxh2 {[%clk 0:04:50]} 32. Qd5
{[%clk 0:00:19]} Bxf4 {[%clk 0:04:26]} 33. Kd3 {[%clk 0:00:25]} Rh3+
{[%clk 0:03:57]} 34. Bf3 {[%clk 0:00:13]} Qd2+ {[%clk 0:04:02]} 35. Kc4
{[%clk 0:00:14]} Ne3+ {[%clk 0:04:06]} 0-1

[Event "Turniej Przyjazni Polsko-Wegierskiej"]
[Site "Katowice"]
[Date "2018.05.05"]
[Round "3.13"]
[White "Kot, Jerzy"]
[Black "Bartel, Michal"]
[Result "0-1"]
[BlackElo "2320"]
[WhiteElo "2039"]
[LiveChessVersion "1.4.8"]

1. g3 {[%clk 0:15:19]} d5 2. Bg2 {[%clk 0:15:24]} e5 {[%clk 0:15:26]} 3. Nf3
{[%clk 0:15:33]} Nc6 {[%clk 0:15:35]} 4. O-O {[%clk 0:15:40]} Bg4
{[%clk 0:15:42]} 5. c4 {[%clk 0:15:47]} d4 {[%clk 0:15:45]} 6. d3
{[%clk 0:15:50]} Qd7 {[%clk 0:15:50]} 7. Re1 {[%clk 0:15:50]} h5 {[%clk 0:15:56]}
8. e3 {[%clk 0:15:52]} dxe3 {[%clk 0:15:51]} 9. Bxe3 {[%clk 0:15:49]} Bb4
{[%clk 0:15:08]} 10. Nc3 {[%clk 0:15:54]} Nge7 {[%clk 0:15:17]} 11. Qb3
{[%clk 0:15:51]} Bxf3 {[%clk 0:14:09]} 12. Bxf3 {[%clk 0:15:58]} h4
{[%clk 0:14:12]} 13. Re2 {[%clk 0:15:18]} Bxc3 {[%clk 0:13:31]} 14. bxc3
{[%clk 0:15:25]} hxg3 {[%clk 0:13:21]} 15. fxg3 {[%clk 0:15:31]} Qxd3
{[%clk 0:12:42]} 16. Rd1 {[%clk 0:15:25]} Qf5 {[%clk 0:12:28]} 17. Rf1
{[%clk 0:15:29]} e4 {[%clk 0:12:20]} 18. Bh1 {[%clk 0:15:11]} Qe6
{[%clk 0:11:41]} 19. Qxb7 {[%clk 0:14:56]} O-O {[%clk 0:11:48]} 20. Qxc7
{[%clk 0:14:19]} Qxc4 {[%clk 0:11:52]} 21. Ref2 {[%clk 0:14:03]} Nd5
{[%clk 0:11:54]} 22. Qd7 {[%clk 0:13:53]} Nxe3 {[%clk 0:12:00]} 0-1

[Event "Turniej Przyjazni Polsko-Wegierskiej"]
[Site "Katowice"]
[Date "2018.05.05"]
[Round "3.14"]
[White "Lewicki, Miroslaw"]
[Black "Masternak, Aleksander"]
[Result "1-0"]
[BlackElo "2017"]
[WhiteElo "2294"]
[LiveChessVersion "1.4.8"]

1. e4 {[%clk 0:15:19]} e5 {[%clk 0:15:18]} 2. Nf3 {[%clk 0:15:27]} Nc6
{[%clk 0:15:26]} 3. Bb5 {[%clk 0:15:35]} a6 {[%clk 0:15:34]} 4. Ba4
{[%clk 0:15:42]} Nge7 {[%clk 0:15:41]} 5. O-O {[%clk 0:15:38]} g6
{[%clk 0:15:49]} 6. c3 {[%clk 0:15:39]} Bg7 {[%clk 0:15:57]} 7. d4
{[%clk 0:15:45]} b5 {[%clk 0:16:01]} 8. Bb3 {[%clk 0:15:40]} exd4
{[%clk 0:16:08]} 9. cxd4 {[%clk 0:15:40]} O-O {[%clk 0:16:14]} 10. Nc3
{[%clk 0:15:25]} d6 {[%clk 0:16:19]} 11. h3 {[%clk 0:15:28]} Na5 {[%clk 0:15:23]}
12. Bc2 {[%clk 0:15:36]} Bb7 {[%clk 0:15:14]} 13. Bg5 {[%clk 0:15:23]} h6
{[%clk 0:15:16]} 14. Bh4 {[%clk 0:15:31]} Re8 {[%clk 0:12:23]} 15. Re1
{[%clk 0:14:07]} c5 {[%clk 0:11:38]} 16. d5 {[%clk 0:14:01]} Nc4 {[%clk 0:11:07]}
17. Qc1 {[%clk 0:14:06]} g5 {[%clk 0:10:26]} 18. Bg3 {[%clk 0:14:09]} Ng6
{[%clk 0:10:27]} 19. Nh2 {[%clk 0:13:33]} Bc8 {[%clk 0:03:16]} 20. Bd3
{[%clk 0:13:18]} Nxb2 {[%clk 0:03:08]} 21. Qxb2 {[%clk 0:12:50]} b4
{[%clk 0:03:16]} 22. Rac1 {[%clk 0:12:47]} bxc3 {[%clk 0:03:23]} 23. Qa3
{[%clk 0:12:43]} Qf6 {[%clk 0:03:06]} 24. Nf3 {[%clk 0:12:18]} Nf4
{[%clk 0:02:11]} 25. e5 {[%clk 0:11:53]} dxe5 {[%clk 0:02:04]} 26. Qxc3
{[%clk 0:11:45]} Bf5 {[%clk 0:01:30]} 27. Bxf4 {[%clk 0:11:23]} gxf4
{[%clk 0:01:14]} 28. Bxf5 {[%clk 0:10:57]} Qxf5 {[%clk 0:01:22]} 29. Qxc5
{[%clk 0:10:48]} Rac8 {[%clk 0:01:20]} 30. Qa5 {[%clk 0:10:19]} e4
{[%clk 0:01:24]} 31. Qa4 {[%clk 0:09:47]} Qxd5 {[%clk 0:00:55]} 32. Rxc8
{[%clk 0:09:21]} Rxc8 {[%clk 0:01:03]} 33. Rxe4 {[%clk 0:09:22]} Rc1+
{[%clk 0:00:45]} 34. Kh2 {[%clk 0:09:23]} Qc6 {[%clk 0:00:45]} 35. Re8+
{[%clk 0:08:51]} Kh7 {[%clk 0:00:52]} 36. Qxf4 {[%clk 0:08:44]} Qxe8
{[%clk 0:00:44]} 37. Qxc1 {[%clk 0:08:52]} Qe4 {[%clk 0:00:47]} 38. Qd1
{[%clk 0:08:30]} a5 {[%clk 0:00:42]} 39. a4 {[%clk 0:08:30]} Bf6 {[%clk 0:00:25]}
40. g3 {[%clk 0:08:32]} Qc4 {[%clk 0:00:28]} 41. Qd7 {[%clk 0:08:09]} Kg7
{[%clk 0:00:31]} 42. Kg2 {[%clk 0:08:01]} Qe4 {[%clk 0:00:35]} 43. Qb5
{[%clk 0:07:10]} Bc3 {[%clk 0:00:33]} 44. Qc5 {[%clk 0:06:50]} Qb4
{[%clk 0:00:33]} 45. Qc6 {[%clk 0:06:47]} Qb2 {[%clk 0:00:17]} 46. Nh4
{[%clk 0:06:34]} Qc2 {[%clk 0:00:15]} 47. g4 {[%clk 0:06:17]} Bf6
{[%clk 0:00:20]} 48. Qxc2 1-0

[Event "Turniej Przyjazni Polsko-Wegierskiej"]
[Site "Katowice"]
[Date "2018.05.05"]
[Round "3.15"]
[White "Lewtak, Dominik"]
[Black "Kyc, Jerzy"]
[Result "0-1"]
[BlackElo "2267"]
[WhiteElo "2019"]
[LiveChessVersion "1.4.8"]

1. Nf3 {[%clk 0:15:17]} Nf6 {[%clk 0:15:19]} 2. c4 {[%clk 0:15:21]} g6
{[%clk 0:15:28]} 3. d4 {[%clk 0:15:29]} Bg7 {[%clk 0:15:37]} 4. Nc3
{[%clk 0:15:37]} d5 {[%clk 0:15:47]} 5. cxd5 {[%clk 0:15:45]} Nxd5
{[%clk 0:15:55]} 6. e4 {[%clk 0:15:54]} Nxc3 {[%clk 0:16:04]} 7. bxc3
{[%clk 0:16:03]} c5 {[%clk 0:16:13]} 8. Be3 {[%clk 0:15:50]} O-O {[%clk 0:16:10]}
9. Be2 {[%clk 0:15:56]} b6 {[%clk 0:16:11]} 10. O-O {[%clk 0:15:58]} Bb7
{[%clk 0:16:16]} 11. e5 {[%clk 0:14:43]} cxd4 {[%clk 0:16:15]} 12. cxd4
{[%clk 0:14:50]} Qd7 {[%clk 0:15:58]} 13. Rc1 {[%clk 0:13:59]} Nc6
{[%clk 0:15:24]} 14. Qd2 {[%clk 0:12:13]} Rfd8 {[%clk 0:15:12]} 15. Rfd1
{[%clk 0:11:41]} Rac8 {[%clk 0:15:08]} 16. h4 {[%clk 0:10:02]} Na5
{[%clk 0:14:41]} 17. h5 {[%clk 0:08:12]} Bd5 {[%clk 0:12:04]} 18. hxg6
{[%clk 0:08:16]} hxg6 {[%clk 0:12:01]} 19. Bh6 {[%clk 0:06:31]} Rxc1
{[%clk 0:11:36]} 20. Rxc1 {[%clk 0:05:57]} Bxf3 {[%clk 0:10:56]} 21. Bxg7
{[%clk 0:05:37]} Kxg7 {[%clk 0:10:29]} 22. Bxf3 {[%clk 0:05:45]} Qxd4
{[%clk 0:10:28]} 23. Qg5 {[%clk 0:05:53]} Qd2 {[%clk 0:09:57]} 24. Qxd2
{[%clk 0:06:02]} Rxd2 {[%clk 0:10:06]} 25. Rc7 {[%clk 0:06:11]} e6
{[%clk 0:10:05]} 26. Rxa7 {[%clk 0:05:58]} Rxa2 {[%clk 0:07:10]} 27. Bg4
{[%clk 0:06:06]} Ra1+ {[%clk 0:06:44]} 28. Kh2 {[%clk 0:06:14]} Nb3
{[%clk 0:04:15]} 29. Rb7 {[%clk 0:06:23]} Nc5 {[%clk 0:03:03]} 30. Rxb6
{[%clk 0:06:29]} Ra4 {[%clk 0:01:06]} 31. Bh3 {[%clk 0:03:10]} Re4
{[%clk 0:01:01]} 32. f3 {[%clk 0:01:58]} Rxe5 {[%clk 0:01:09]} 33. Rb5
{[%clk 0:02:06]} f5 {[%clk 0:00:34]} 34. f4 {[%clk 0:01:28]} Rd5 {[%clk 0:00:43]}
35. Ra5 {[%clk 0:01:37]} Kf6 {[%clk 0:00:44]} 36. g4 {[%clk 0:01:17]} Rd2+
{[%clk 0:00:22]} 37. Bg2 {[%clk 0:00:40]} Nd3 {[%clk 0:00:31]} 38. g5+
{[%clk 0:00:39]} Ke7 {[%clk 0:00:38]} 39. Kg3 {[%clk 0:00:45]} Nxf4
{[%clk 0:00:14]} 40. Kxf4 {[%clk 0:00:48]} Rxg2 {[%clk 0:00:20]} 41. Ra7+
{[%clk 0:00:56]} Kd6 {[%clk 0:00:27]} 42. Ra6+ {[%clk 0:01:05]} Kd5
{[%clk 0:00:36]} 43. Ra5+ {[%clk 0:01:13]} Kc4 {[%clk 0:00:36]} 44. Re5
{[%clk 0:01:02]} Rg4+ {[%clk 0:00:42]} 45. Kf3 {[%clk 0:01:11]} Rxg5
{[%clk 0:00:46]} 46. Rxe6 {[%clk 0:01:19]} Kd5 {[%clk 0:00:54]} 47. Re8
{[%clk 0:01:21]} Rg4 {[%clk 0:01:03]} 48. Re7 {[%clk 0:01:18]} g5
{[%clk 0:00:41]} 49. Re8 {[%clk 0:01:15]} Rd4 {[%clk 0:00:37]} 50. Rg8
{[%clk 0:00:13]} g4+ {[%clk 0:00:44]} 51. Kg3 Ke6 {[%clk 0:00:26]} 52. Re8+
{[%clk 0:00:31]} Kf7 {[%clk 0:00:34]} 53. Ra8 {[%clk 0:00:34]} Rd3+
{[%clk 0:00:33]} 54. Kh4 {[%clk 0:00:43]} Rh3+ {[%clk 0:00:18]} 55. Kg5
{[%clk 0:00:49]} g3 {[%clk 0:00:13]} 56. Ra2 {[%clk 0:00:21]} Rh2
{[%clk 0:00:18]} 57. Ra3 {[%clk 0:00:19]} g2 {[%clk 0:00:17]} 58. Rg3
{[%clk 0:00:26]} Rh7 {[%clk 0:00:14]} 59. Kxf5 {[%clk 0:00:15]} Rg7
{[%clk 0:00:12]} 0-1

[Event "Turniej Przyjazni Polsko-Wegierskiej"]
[Site "Katowice"]
[Date "2018.05.05"]
[Round "3.16"]
[White "Teclaf, Pawel"]
[Black "Przemyk, Grzegorz"]
[Result "1-0"]
[BlackElo "2012"]
[WhiteElo "2241"]
[LiveChessVersion "1.4.8"]

1. e4 {[%clk 0:15:19]} c5 {[%clk 0:15:17]} 2. Nf3 {[%clk 0:15:27]} e6
{[%clk 0:15:21]} 3. d4 {[%clk 0:15:36]} cxd4 {[%clk 0:15:28]} 4. Nxd4
{[%clk 0:15:45]} Nf6 {[%clk 0:15:34]} 5. Nc3 {[%clk 0:15:54]} Qc7
{[%clk 0:15:38]} 6. Ndb5 {[%clk 0:15:03]} Qa5 {[%clk 0:09:25]} 7. Bd2
{[%clk 0:15:00]} Qd8 {[%clk 0:05:54]} 8. e5 {[%clk 0:12:40]} Nd5 {[%clk 0:05:40]}
9. Ne4 {[%clk 0:12:49]} a6 {[%clk 0:05:00]} 10. Nbd6+ {[%clk 0:12:43]} Bxd6
{[%clk 0:04:58]} 11. Nxd6+ {[%clk 0:12:51]} Kf8 {[%clk 0:04:22]} 12. Qh5
{[%clk 0:12:32]} g6 {[%clk 0:02:59]} 13. Qf3 {[%clk 0:12:30]} f5 {[%clk 0:02:37]}
14. exf6 {[%clk 0:12:38]} h5 {[%clk 0:01:42]} 15. c4 {[%clk 0:12:46]} Nb6
{[%clk 0:01:03]} 16. Qf4 {[%clk 0:12:27]} Nc6 {[%clk 0:00:51]} 17. Qh6+
{[%clk 0:12:27]} Rxh6 {[%clk 0:01:00]} 18. Bxh6+ {[%clk 0:12:35]} Kg8
{[%clk 0:01:09]} 19. f7+ {[%clk 0:12:43]} Kh7 {[%clk 0:01:18]} 20. f8=Q
{[%clk 0:12:51]} Qxf8 {[%clk 0:01:26]} 21. Bxf8 {[%clk 0:12:59]} Rb8
{[%clk 0:00:38]} 22. O-O-O {[%clk 0:13:01]} Na8 {[%clk 0:00:28]} 23. Kb1
{[%clk 0:12:42]} b5 {[%clk 0:00:29]} 24. cxb5 {[%clk 0:12:50]} axb5
{[%clk 0:00:37]} 25. Nxc8 {[%clk 0:12:58]} Rxc8 {[%clk 0:00:45]} 26. Rxd7+
{[%clk 0:13:07]} Kg8 {[%clk 0:00:53]} 27. Bxb5 {[%clk 0:13:16]} Kxf8
{[%clk 0:00:32]} 28. Rc1 {[%clk 0:13:18]} Na7 {[%clk 0:00:17]} 29. Rxa7
{[%clk 0:13:25]} 1-0